01532nam a2200301 a 450000100100000000500170001000800410002702000150006804000250008308200290010810000460013724501030018325000120028626000480029830000200034649000350036650001070040159000270050865100880053565000510062371000560067483000410073091000400077195201420081195201270095395201330108099900170121300004346020240313073818.0140318s2004 dr 000 0 spa d a9993403598 aDO-SdBNPbspacBNPHU a342.7293029bG643r, 20041 aGonzález Trevijano, Pedro José97114513aEl rol de la constitución en las sociedades democráticas /cPedro José González Trevijano. a2ª ed. aSanto Domingo :bFUNGLODE,c2004.fCorripio a41 p. ;c24 cm.1 aPensamiento Contemporáneov4 aConferencia impartida en FUNGLODE, el 6 de septiembre del 2002, Santo Domingo, República Dominicana. aInventariado, 2018/ YL 4aRepública DominicanaxHistoria ConstitucionalxEnsayos, Conferencias, Etc.971146 4aDemocraciaxEnsayos, conferencias, etc.9643332 aFundación Global Democracía y Desarrollo925477 0aPensamiento Contemporáneov497292 aValidado. Control de la calidad EMS 001054708DSaGRbGRcHDd2014-03-18iLF1l0o342.7293029 G643r, 2004p43460-30r2020-06-25te. 3w2020-06-25yLFDSZPréstamo en sala 0010718PDaPDbPDcHDd2014-03-18iLF1l0o342.7293029 G643r, 2004p43460-10r2020-06-25w2020-06-25yLFPDZNo se presta 0010718PDaPDbPDcHDd2014-03-18iLF1l0o342.7293029 G643r, 2004p43460-20r2020-06-25te. 2w2020-06-25yLFPDZNo se presta c42949d42949